000 00503nam a22001817a 4500
005 20251108174714.0
008 250721s2008 xx 000 0 eng d
082 1 4 _aWB/338.9/WEA
245 1 0 _aWeather and Climate Services in Europe and Central Asia : A Regional Review /
264 1 _aWashington :
_bThe International Bank,
_c2008.
300 _a79P.
490 0 _aTHE WORLD BANK
650 1 7 _aECONOMIC
650 1 7 _aDEVELOPMENT
650 1 7 _aWORLD BANK
942 _2ddc
_cBK
999 _c115935
_d115935